000 00542nam a2200217Ia 4500
003 OSt
005 20220918201340.0
006 a|||||r|||| 00| 0
007 ta
008 220917b |||||||| |||| 00| 0 eng d
024 _a93,256
037 _cTextual
040 _aARTS
_cARTS
_beng
041 _2eng
_aeng
082 _aV1-1:1:N7, K2
245 0 _aRestless Nations
_b a study of world tensions and development
260 _c1962
650 _aHISTORY
942 _hV1-1:1:N7, K2
_cTEXL
_2CC
999 _c216903
_d216903